[Event "Trebic Highlands op 12th"]
[Site "Trebic"]
[Date "2018.09.28"]
[Round "8"]
[White "Zacharias, Miroslav"]
[Black "Spanton, Timothy"]
[Result "0-1"]
[WhiteElo "1727"]
[BlackElo "1923"]
[PlyCount "116"]
[EventDate "2018.09.22"]
[EventType "swiss"]
[EventRounds "9"]
[EventCountry "CZE"]
[SourceTitle "CBM 186 Extra"]
[Source "ChessBase"]
[SourceDate "2018.08.24"]
[SourceVersion "1"]
[SourceVersionDate "2018.08.24"]
[SourceQuality "1"]

1. e4 c5 2. d4 cxd4 3. c3 g6 4. Nf3 Bg7 5. cxd4 d5 6. e5 Bg4 7. Bb5+ Nd7 8. 0-0 Nh6 9. Nbd2 0-0 10. h3 Bxf3 11. Nxf3 a6 12. Bd3 f6 13. exf6 Nxf6 14. Ng5 Qd6 15. Re1 Ne4 16. Bxe4 dxe4 17. Rxe4 Qd5 18. Qb3 Qxb3 19. axb3 Nf5 20. Be3 Bf6 21. Ne6 Rfc8 22. Bg5 Rc2 23. Bxf6 exf6 24. d5 Nd6 25. Rf4 f5 26. Rb4 b5 27. Nd4 Rxb2 28. Nc6 Rd2 29. f3 Kg7 30. Rd4 Rxd4 31. Nxd4 Kf6 32. Nc6 f4 33. Kf2 a5 34. Re1 Re8 35. Ra1 Re3 36. Nxa5 Rd3 37. Ke2 Rxd5 38. Rd1 Rxd1 39. Kxd1 Ke5 40. Kd2 Kd4 41. Nc6+ Kc5 42. Ne7 Kb4 43. Kc2 Kc5 44. Kc3 b4+ 45. Kd3 Nb5 46. Ke4 Nd4 47. Nd5 Nxb3 48. Nxb4 Kxb4 49. Kxf4 Kc5 50. Kg5 Kd6 51. Kh6 Ke6 52. g4 Nd4 53. f4 Kf6 54. Kxh7 Ne6 55. h4 Nxf4 56. Kh6 Ne6 57. g5+ Nxg5 58. h5 Nf7+ 0-1

[Event "Trebic Highlands op 12th"]
[Site "Trebic"]
[Date "2018.09.24"]
[Round "3"]
[White "Aird, Ian"]
[Black "Zacharias, Miroslav"]
[Result "0-1"]
[WhiteElo "1857"]
[BlackElo "1727"]
[PlyCount "76"]
[EventDate "2018.09.22"]
[EventType "swiss"]
[EventRounds "9"]
[EventCountry "CZE"]
[SourceTitle "CBM 186 Extra"]
[Source "ChessBase"]
[SourceDate "2018.08.24"]
[SourceVersion "1"]
[SourceVersionDate "2018.08.24"]
[SourceQuality "1"]

1. c4 g6 2. Nc3 c5 3. Nf3 Nc6 4. e3 Bg7 5. d4 cxd4 6. exd4 d6 7. Be2 e5 8. Be3 Nge7 9. d5 Nb8 10. 0-0 Nf5 11. Bg5 f6 12. Bc1 0-0 13. Rb1 a5 14. a3 Na6 15. b4 b6 16. Ne4 Qe7 17. Re1 g5 18. Ng3 g4 19. Nd2 Nxg3 20. hxg3 f5 21. Nf1 h5 22. Qd2 axb4 23. axb4 Kf7 24. Qg5 Qxg5 25. Bxg5 Bd7 26. Be3 Rfb8 27. f3 Kg6 28. Bd3 Bh6 29. Bxh6 Kxh6 30. Ne3 Kg5 31. Rb2 Nc7 32. Nc2 b5 33. c5 Nxd5 34. cxd6 Kf6 35. Kf2 Rb6 36. Rd1 Rxd6 37. Bxf5 Bxf5 38. Ne3 Rad8 0-1

[Event "Trebic Highlands op 11th"]
[Site "Trebic"]
[Date "2017.09.25"]
[Round "3"]
[White "Ruzicka, Vaclav1111"]
[Black "Zacharias, Miroslav"]
[Result "0-1"]
[WhiteElo "1528"]
[BlackElo "1777"]
[PlyCount "66"]
[EventDate "2017.09.23"]
[EventType "swiss"]
[EventRounds "9"]
[EventCountry "CZE"]
[SourceTitle "EXT 2018"]
[Source "ChessBase"]
[SourceDate "2017.10.13"]
[SourceVersion "1"]
[SourceVersionDate "2017.10.13"]
[SourceQuality "1"]

1. d4 d5 2. c4 Nc6 3. e3 e5 4. dxe5 d4 5. exd4 Qxd4 6. Qxd4 Nxd4 7. Bd3 Be6 8. b3 0-0-0 9. Be3 Bb4+ 10. Bd2 Bxd2+ 11. Nxd2 Nc6 12. Bc2 Nxe5 13. Ngf3 Nd3+ 14. Bxd3 Rxd3 15. Ne5 Rd8 16. 0-0-0 Ne7 17. h3 f6 18. Nef3 Bf5 19. g4 Bg6 20. Rhe1 Nc6 21. a3 Rd3 22. Re3 Rhd8 23. Rxd3 Rxd3 24. Kb2 a5 25. Re1 Ne5 26. Re3 Kd8 27. Kc1 Rxe3 28. fxe3 Nd3+ 29. Kc2 Nf2+ 30. Kc3 c5 31. e4 Nxh3 32. e5 Nf2 33. exf6 Nd1# 0-1